Biosecurity guidance published (Record no. 72992)

MARC details
000 -LEADER
fixed length control field 01234cam a2200217 4500
001 - CONTROL NUMBER
control field WB3925-15
008 - FIXED-LENGTH DATA ELEMENTS--GENERAL INFORMATION
fixed length control field 030703n2003 000 0 eng u
035 ## - SYSTEM CONTROL NUMBER
System control number (Sirsi) u122910
245 ## - TITLE STATEMENT
Title Biosecurity guidance published
260 ## - PUBLICATION, DISTRIBUTION, ETC.
Date of publication, distribution, etc. 2003
490 ## - SERIES STATEMENT
Series statement DEFRA News Release
Volume/sequential designation (250/03) 1 July 2003 (2)
520 ## - SUMMARY, ETC.
Summary, etc. In accordance with requirements under the Animal Health Act 2002 government has published new biosecurity guidance to prevent the spread of animal diseases. The guidance applies to all owners of livestock and everyone who enters a farm or premises with farm animals and will give government more ammunition to fight future outbreaks of foot-and-mouth disease. The guidance advises that animal disease is not always apparent in its early stages and that livestock owners and visitors should be clean when handling animals. "Biosecurity guidance to prevent the spread of animal disease" is available from www.defra.gov.uk/animalh/biosecurity/farmguidance/index.htm. www.defra.gov.uk/news/2003/030701e.htm
590 ## - LOCAL NOTE (RLIN)
Local note WB
650 ## - SUBJECT ADDED ENTRY--TOPICAL TERM
Topical term or geographic name entry element BIOSECURITY
650 ## - SUBJECT ADDED ENTRY--TOPICAL TERM
Topical term or geographic name entry element DISEASES
650 ## - SUBJECT ADDED ENTRY--TOPICAL TERM
Topical term or geographic name entry element FARMING INDUSTRY
650 ## - SUBJECT ADDED ENTRY--TOPICAL TERM
Topical term or geographic name entry element ANIMAL HEALTH ACT 2002
650 ## - SUBJECT ADDED ENTRY--TOPICAL TERM
Topical term or geographic name entry element FARMING PRACTICES
690 ## - LOCAL SUBJECT ADDED ENTRY--TOPICAL TERM (OCLC, RLIN)
Topical term or geographic name as entry element Rural
9 (RLIN) 6268
942 ## - ADDED ENTRY ELEMENTS (KOHA)
Suppress in OPAC 0
Holdings
Withdrawn status Lost status Source of classification or shelving scheme Damaged status Not for loan Home library Current library Shelving location Date acquired Total Checkouts Full call number Barcode Date last seen Copy number Price effective from Koha item type
    Dewey Decimal Classification     London London News article 03/07/2003   WB3925-15 122910-1001 06/08/2019 1 06/08/2019 News article